[Event "AUTO-ADV-4929"]
[Site "http://www.queenalice.com/game.php?id=1871709"]
[Date "2026.4.8"]
[Round "1"]
[White "game"]
[Black "EduardoRo"]
[Result "1-0"]
[WhiteElo "1642"]
[BlackElo "1677"]

1. e4 e5 2. Nf3 Nc6 3. Bc4 Nf6 4. Ng5 Qe7 5. Nxf7 Rg8 6. Ng5 d5 7. exd5 Nxd5 8.
Bxd5 Be6 9. Bxe6 Rh8 10. Qh5+ g6 11. Bf7+ Kd8 12. Be6 Qxg5 13. Qxg5+ Ne7 14.
Qxe5 1-0

[Event "AUTO-ADV-4929"]
[Site "http://www.queenalice.com/game.php?id=1871710"]
[Date "2026.4.8"]
[Round "1"]
[White "EduardoRo"]
[Black "game"]
[Result "0-1"]
[WhiteElo "1662"]
[BlackElo "1616"]

1. e4 d6 2. Nf3 e5 3. Bc4 Nc6 4. O-O Bd7 5. d3 Nd4 6. Nxd4 exd4 7. Bf4 Nf6 8.
Nd2 b5 9. Bd5 Nxd5 10. Qf3 Nb4 11. c3 dxc3 12. bxc3 Nc2 13. Rac1 Na3 14. d4 Be6
15. d5 Bc8 16. c4 b4 17. Nb3 Ba6 18. Nd4 Nxc4 19. Nc6 Qf6 20. Nxb4 Nd2 21. Bxd2
Qxf3 22. gxf3 Bxf1 23. Kxf1 Rc8 24. Nc6 Ra8 25. Ba5 g5 26. Bxc7 Bh6 27. Bxd6 g4
28. fxg4 Bxc1 29. Be5 Rg8 30. h3 Rg5 31. Ke1 a5 32. Bf6 Rg6 33. Kd1 Rxf6 34.
Kxc1 Rxf2 0-1

[Event "AUTO-OPEN-4648"]
[Site "http://www.queenalice.com/game.php?id=1871998"]
[Date "2026.4.15"]
[Round "1"]
[White "game"]
[Black "rmvwoods"]
[Result "0-1"]
[WhiteElo "1597"]
[BlackElo "2032"]

1. e4 e6 2. Bc4 d5 3. exd5 exd5 4. Qe2+ Be6 5. Bb3 Nf6 6. d4 Bd6 7. Qb5+ Nbd7 8.
Nf3 Rb8 9. Bg5 c6 10. Qe2 O-O 11. Nc3 Re8 12. O-O-O c5 13. Nb5 Qb6 14. Bxf6 Nxf6
15. Nxd6 Qxd6 16. Ba4 Bd7 17. dxc5 Rxe2 18. cxd6 Bxa4 19. b3 Bd7 20. Ng5 Rxf2
21. Rde1 Rc8 22. Kb2 Rcxc2+ 23. Kb1 Rb2+ 24. Ka1 Rxa2+ 25. Kb1 Rxg2 26. h4 Rab2+
27. Ka1 Rxb3 28. h5 Rxg5 29. Rb1 Rxb1+ 30. Kxb1 Rxh5 31. Rc1 d4 32. Rc7 Rd5 33.
Rxb7 d3 34. Kc1 d2+ 35. Kd1 Rxd6 36. Rxa7 Bg4+ 37. Kc2 d1=Q+ 38. Kb2 Rd2+ 39.
Kc3 Qc1+ 40. Kb4 Rb2+ 41. Ka3 Qa1# 0-1

[Event "AUTO-INT-3966"]
[Site "http://www.queenalice.com/game.php?id=1872047"]
[Date "2026.4.16"]
[Round "1"]
[White "game"]
[Black "dosoldini"]
[Result "1-0"]
[WhiteElo "1680"]
[BlackElo "1617"]

1. d4 d5 2. Nf3 f6 3. Nc3 Bd7 4. Nxd5 e6 5. Nc3 Bd6 6. e4 e5 7. Bc4 Nc6 8. d5
Nce7 9. Qd3 f5 10. Ng5 Ng6 11. h4 Nf6 12. exf5 Nf4 13. Bxf4 exf4 14. O-O-O Be7
15. d6 Rf8 16. dxe7 Qc8 17. exf8=Q+ Kxf8 18. Qf3 Bxf5 19. Qxf4 h6 20. Nf3 Ng4
21. Rd5 Nf6 22. Rxf5 1-0

[Event "AUTO-INT-3966"]
[Site "http://www.queenalice.com/game.php?id=1872048"]
[Date "2026.4.16"]
[Round "1"]
[White "dosoldini"]
[Black "game"]
[Result "1-0"]
[WhiteElo "1621"]
[BlackElo "1620"]

1. e4 d5 2. e5 Bf5 3. d4 e6 4. Bd2 Nc6 5. Nf3 Bg4 6. Be2 h5 7. Bg5 Be7 8. Qd2 f6
9. Be3 fxe5 10. dxe5 Qd7 11. O-O O-O-O 12. a3 Bxf3 13. Bxf3 Nxe5 14. Bxa7 b6 15.
Qe2 Qa4 16. b3 Nxf3+ 17. Qxf3 Qxa7 18. Nc3 c6 19. Qf7 Nh6 20. Qxe6+ Rd7 21. Na4
Ng4 22. h3 Rh6 23. Qg8+ Rd8 24. Qxg7 b5 25. hxg4 Re6 26. Qf7 Re2 27. Qf4 bxa4
28. Qf5+ Rd7 29. Rad1 Rxc2 30. Qxc2 h4 31. Qxc6+ Rc7 32. Qe6+ Kb8 33. Rxd5 axb3
34. Rb5+ Ka8 35. Qg8+ 1-0

[Event "AUTO-INT-3966"]
[Site "http://www.queenalice.com/game.php?id=1872051"]
[Date "2026.4.16"]
[Round "1"]
[White "game"]
[Black "SGF"]
[Result "0-1"]
[WhiteElo "1633"]
[BlackElo "1630"]

1. e4 e5 2. Nf3 Qf6 3. Bc4 d6 4. Nc3 Be7 5. d3 Qg6 6. Bb5+ c6 7. Bc4 b5 8. Bb3
Bf6 9. O-O Bh3 10. Bxf7+ Kxf7 11. Ne2 Qxg2# 0-1

[Event "AUTO-INT-3966"]
[Site "http://www.queenalice.com/game.php?id=1872052"]
[Date "2026.4.16"]
[Round "1"]
[White "SGF"]
[Black "game"]
[Result "1/2-1/2"]
[WhiteElo "1627"]
[BlackElo "1709"]

1. e4 e5 2. Qf3 Nh6 3. d3 d6 4. Be2 Nc6 5. c3 Be6 6. Qg3 Qd7 7. Bxh6 gxh6 8. h4
O-O-O 9. b4 Be7 10. a4 Rhg8 11. Qf3 Rg7 12. g3 Rdg8 13. a5 Bg4 14. Qg2 h5 15.
Bxg4 Rxg4 16. Nd2 f5 17. exf5 Qxf5 18. Ne4 d5 19. f3 Rxh4 20. Rxh4 Bxh4 21. Kd2
dxe4 22. Qh3 Bg5+ 23. f4 Qxh3 24. Nxh3 exf4 25. gxf4 Bf6 26. Re1 Rg2+ 27. Ke3
Rg3+ 28. Kxe4 Rxh3 29. Kf5 Bxc3 30. Re8+ Nd8 31. Ke4 Bxb4 32. d4 Bxa5 33. f5 Rh1
34. f6 Re1+ 35. Kf5 Rxe8 36. Kg5 Ne6+ 37. Kxh5 Nxd4 38. Kh6 Re6 39. Kg7 h5 40.
f7 Bb4 41. f8=Q+ Bxf8+ 42. Kxf8 h4 43. Kf7 Kd7 44. Kg7 h3 45. Kh7 Re7+ 46. Kg6
h2 47. Kg5 h1=Q 48. Kf4 Qe1 49. Kg4 Qe2+ 50. Kg3 Qf3+ 51. Kh4 Rg7 1/2-1/2

[Event "AUTO-ADV-4931"]
[Site "http://www.queenalice.com/game.php?id=1872125"]
[Date "2026.4.17"]
[Round "1"]
[White "game"]
[Black "EdsonEstevam"]
[Result "1/2-1/2"]
[WhiteElo "1604"]
[BlackElo "1808"]

1. e4 e5 2. Nf3 Nc6 3. Bc4 h6 4. d4 d6 5. Bb5 Bd7 6. d5 Nce7 7. c4 Bxb5 8. cxb5
Nc8 9. Nc3 Nf6 10. O-O Nb6 11. a4 Be7 12. a5 Nc8 13. Qe2 a6 14. Be3 O-O 15. Nh4
b6 16. Qf3 Qd7 17. Nf5 Kh7 18. Qg3 Rg8 19. Qh3 h5 20. f4 g6 21. Nxe7 Qxh3 22.
gxh3 Nxe7 23. fxe5 dxe5 24. Rxf6 Kg7 25. Raf1 Rgf8 26. d6 Nf5 27. Nd5 c6 28.
bxc6 b5 29. exf5 e4 30. Bc5 g5 31. d7 Rfd8 32. Bb6 Rf8 33. d8=Q Raxd8 34. Bxd8
Rxd8 35. c7 Rc8 36. Rxa6 f6 37. Rxf6 e3 38. Re1 Re8 39. Rb6 e2 40. a6 g4 41.
hxg4 hxg4 42. a7 Rf8 43. Rxe2 g3 44. Rg2 Kf7 45. Rxg3 b4 46. Rb8 b3 47. Rxf8+
Kxf8 48. c8=Q+ Kf7 49. a8=Q 1/2-1/2

[Event "AUTO-ADV-4931"]
[Site "http://www.queenalice.com/game.php?id=1872126"]
[Date "2026.4.17"]
[Round "1"]
[White "EdsonEstevam"]
[Black "game"]
[Result "1-0"]
[WhiteElo "1797"]
[BlackElo "1615"]

1. e4 d6 2. d4 Nf6 3. Nc3 d5 4. Bg5 dxe4 5. Bxf6 exf6 6. Nxe4 Nc6 7. Nf3 Bf5 8.
Ng3 Bg4 9. c3 Qe7+ 10. Be2 g5 11. O-O h6 12. Re1 O-O-O 13. Bb5 Qd7 14. c4 Kb8
15. d5 Qc8 16. Bxc6 bxc6 17. Qb3+ Qb7 18. Nd4 Qxb3 19. Nxb3 Bb4 20. Re7 Bxe7 21.
h3 Bf5 22. Nxf5 Rde8 23. Na5 cxd5 24. Nc6+ Kc8 25. Ng7 Ref8 26. Nxe7+ Kd7 27.
Nxd5 Kc6 28. Nh5 Rb8 29. b3 f5 30. Re1 Kc5 31. Re7 Kd4 32. Rxc7 Rhe8 33. Rxf7
Re1+ 34. Kh2 Ra1 35. Rxa7 Rg8 36. f4 Ke4 37. Nhf6+ Kd4 38. Nxg8 g4 39. hxg4 Ke4
40. g3 fxg4 41. Ngf6+ Kf3 42. Nxg4 Kxg4 43. c5 Rf1 44. Ne3+ 1-0

[Event "AUTO-ADV-4931"]
[Site "http://www.queenalice.com/game.php?id=1872127"]
[Date "2026.4.17"]
[Round "1"]
[White "game"]
[Black "SGF"]
[Result "0-1"]
[WhiteElo "1688"]
[BlackElo "1657"]

1. e4 e5 2. Nf3 Qf6 3. Bc4 c6 4. d4 d6 5. Ng5 Be6 6. dxe5 dxe5 7. b3 Bxc4 8.
bxc4 Bb4+ 9. Bd2 Bc5 10. O-O h6 11. Nf3 Ne7 12. Bc3 Nd7 13. Qd2 g5 14. Rd1 O-O-O
15. Ba5 b6 16. Bc3 a5 17. Rf1 Nb8 18. Qe2 Ng6 19. Nbd2 Nf4 20. Qe1 Bb4 21. Bb2
Bxd2 22. Nxd2 c5 23. Nf3 g4 24. Nxe5 Rhe8 25. Nc6 Qxc6 26. f3 gxf3 27. gxf3 Nh3+
28. Kh1 Ng5 29. Qh4 Nxf3 30. Rxf3 Rxe4 31. Qh3+ Rd7 32. Kg1 Qg6+ 33. Kf2 Rxc4
34. Be5 Rxc2+ 35. Kf1 Rxa2 36. Rd1 Qe6 37. Rxd7 Qxd7 38. Qxd7+ Nxd7 39. Bg3 a4
40. Bf2 a3 41. Be1 b5 42. Bc3 b4 43. Bh8 f6 44. Kg1 Ra1+ 45. Kg2 Rc1 46. Re3 a2
47. Re8+ Kc7 48. Ra8 b3 49. Ra7+ Kc6 50. Ra6+ Kb5 51. Ra3 c4 52. Ra7 a1=Q 53.
Rxd7 Rc2+ 54. Kf3 Qc3+ 55. Ke4 Qe5+ 56. Kf3 Qf5+ 57. Ke3 Qxd7 58. Kf4 b2 59.
Bxf6 b1=Q 60. Be5 Qf1+ 61. Ke4 Qdd3# 0-1

[Event "AUTO-ADV-4931"]
[Site "http://www.queenalice.com/game.php?id=1872128"]
[Date "2026.4.17"]
[Round "1"]
[White "SGF"]
[Black "game"]
[Result "0-1"]
[WhiteElo "1662"]
[BlackElo "1664"]

1. e4 e5 2. Qf3 Nh6 3. d3 Bc5 4. Be2 d6 5. Qg3 Qf6 6. h3 Nc6 7. c3 Rg8 8. b4 Bb6
9. a4 g5 10. b5 Na5 11. Be3 Nb3 12. Ra3 Be6 13. Bxb6 cxb6 14. c4 Nc1 15. Nf3 Qe7
16. O-O Nxe2+ 17. Kh2 Nxg3 18. Kxg3 Kd7 19. Nbd2 f5 20. a5 g4 21. hxg4 Nxg4 22.
exf5 Bxf5 23. axb6 Ne3+ 24. Kh2 Nxf1+ 25. Kg1 d5 26. Rxa7 Ke6 27. Kxf1 Bxd3+ 28.
Kg1 Qg7 29. cxd5+ Kxd5 30. g3 Bxb5 31. Ra5 Rxa5 32. Kg2 e4 33. Nh4 Qd4 34. Nb3
Bf1+ 35. Kxf1 Qc4+ 36. Kg2 Qxb3 37. Nf5 Rf8 38. g4 Qf3+ 39. Kf1 Rg8 40. Ne7+ Ke5
41. Nxg8 Ra1# 0-1

[Event "AUTO-INT-3954"]
[Site "http://www.queenalice.com/game.php?id=1872203"]
[Date "2026.4.19"]
[Round "2"]
[White "game"]
[Black "kuntakinte"]
[Result "0-1"]
[WhiteElo "1719"]
[BlackElo "1772"]

1. e4 e5 2. Nf3 d6 3. Bc4 h6 4. d4 c5 5. dxe5 Nc6 6. exd6 Bxd6 7. Nfd2 Be5 8.
Nf3 Qf6 9. O-O Bg4 10. Qd3 Rd8 11. Qb3 b6 12. Nc3 Nge7 13. Nb5 O-O 14. Be3 Bxb2
15. Rab1 Be5 16. Nxe5 Qxe5 17. g3 Qxe4 18. Nc3 Qf3 19. Bb5 Bh3 20. Bxc6 Nxc6 21.
Bf4 Qg2# 0-1

[Event "AUTO-INT-3954"]
[Site "http://www.queenalice.com/game.php?id=1872204"]
[Date "2026.4.19"]
[Round "2"]
[White "kuntakinte"]
[Black "game"]
[Result "1-0"]
[WhiteElo "1761"]
[BlackElo "1631"]

1. e4 d6 2. d4 f5 3. e5 d5 4. Nf3 Nc6 5. Bb5 e6 6. O-O Bd7 7. Bd3 g6 8. c3 h5 9.
h3 Qe7 10. Bg5 Qg7 11. Qb3 Na5 12. Qc2 Be7 13. Bd2 g5 14. c4 Nc6 15. cxd5 exd5
16. Bxf5 Nb4 17. Bxd7+ Kxd7 18. Qa4+ c6 19. Bxb4 Nh6 20. Re1 Qf8 21. e6+ Ke8 22.
Bd2 g4 23. hxg4 Nxg4 24. Qc2 Qf6 25. Bg5 Qg7 26. Bxe7 Kxe7 27. Qc5+ Ke8 28. Nbd2
h4 29. Qd6 Rh6 30. a4 Rd8 31. Qc5 h3 32. gxh3 Rxh3 33. Kf1 Qf6 34. Ra3 Nh2+ 35.
Nxh2 Rxh2 36. Rf3 Rh1+ 37. Ke2 Qh6 38. Rxh1 Qxh1 39. Qf8# 1-0

[Event "AUTO-ADV-4932"]
[Site "http://www.queenalice.com/game.php?id=1872393"]
[Date "2026.4.24"]
[Round "1"]
[White "WHUSIRO"]
[Black "game"]
[Result "0-1"]
[WhiteElo "1878"]
[BlackElo "1606"]

1. e4 e5 2. Nf3 d6 3. c3 Nf6 4. d3 Ng4 5. h3 Nf6 6. Be2 Nc6 7. Bg5 Be7 8. Nbd2
O-O 9. Qc2 Be6 10. O-O Nh5 11. Bxe7 Nxe7 12. Nxe5 Nf4 13. Bf3 dxe5 14. Rad1 Bxa2
15. b3 Bxb3 16. Nxb3 Neg6 17. Ra1 Qg5 18. Kh1 Nh4 19. Rg1 f5 20. Kh2 Rf6 21. Qd1
Qh6 22. Nc5 Rd8 23. g3 Rg6 24. gxf4 Qxf4+ 0-1

[Event "AUTO-ADV-4932"]
[Site "http://www.queenalice.com/game.php?id=1872394"]
[Date "2026.4.24"]
[Round "1"]
[White "game"]
[Black "WHUSIRO"]
[Result "0-1"]
[WhiteElo "1595"]
[BlackElo "1835"]

1. e4 c5 2. Nf3 d6 3. Bc4 Nf6 4. Ng5 e6 5. O-O h6 6. Nf3 Nxe4 7. Nc3 Nxc3 8.
dxc3 a6 9. Re1 Be7 10. Qe2 O-O 11. Bd3 Nd7 12. Qe4 f5 13. Qxe6+ Kh8 14. Qg6 Rf6
15. Qh5 Ne5 16. Ng5 Kg8 17. Nf3 Nxf3+ 18. Qxf3 Rb8 19. Re3 Bd7 20. Qd5+ Kh8 21.
g4 Bc6 22. Qc4 b5 23. Qb3 c4 24. Bxc4 bxc4 25. Qxc4 Qd7 26. g5 hxg5 27. Rh3+ Rh6
28. Rxh6+ gxh6 29. Qf7 Rf8 30. Qc4 d5 31. Qd4+ Kh7 32. b4 Bf6 33. Qc5 Be7 34.
Qb6 Ra8 35. Bb2 f4 36. Qd4 Bf8 37. c4 Bg7 38. Qxg7+ Qxg7 39. Bxg7 Kxg7 40. c5
Re8 41. Kg2 Kf6 42. Kf3 h5 43. Rg1 Kf5 44. h3 h4 45. c4 d4# 0-1

[Event "AUTO-ADV-4932"]
[Site "http://www.queenalice.com/game.php?id=1872401"]
[Date "2026.4.24"]
[Round "1"]
[White "zubarev"]
[Black "game"]
[Result "1-0"]
[WhiteElo "1941"]
[BlackElo "1589"]

1. d4 d5 2. Nc3 Be6 3. Nf3 Bf5 4. e3 Nc6 5. Bd3 Qc8 6. O-O e6 7. Bd2 Nf6 8. Qe2
Bd6 9. Rae1 Nb4 10. Ne5 O-O 11. Bxf5 exf5 12. f4 Nxc2 13. Rc1 Nb4 14. a3 Nc6 15.
Nb5 Bxe5 16. fxe5 Ng4 17. Qf3 Ne7 18. Rxc7 Qe6 19. Bb4 Rfe8 20. Rxb7 Nc6 21. Bd6
Qc8 22. Rc7 Qa6 23. Qxd5 Nxe3 24. Qxf7+ Kh8 25. Qxg7# 1-0

[Event "AUTO-ADV-4932"]
[Site "http://www.queenalice.com/game.php?id=1872402"]
[Date "2026.4.24"]
[Round "1"]
[White "game"]
[Black "zubarev"]
[Result "0-1"]
[WhiteElo "1587"]
[BlackElo "1943"]

1. e4 e5 2. Nf3 Nc6 3. Bc4 d6 4. Bb5 Bd7 5. Bc4 Be7 6. d3 Nf6 7. Ng5 O-O 8. Nc3
h6 9. Nh3 Nd4 10. Nd5 Nxd5 11. exd5 f5 12. Be3 f4 13. Bxd4 exd4 14. Qd2 a5 15.
Nxf4 Bg5 16. g3 Qf6 17. O-O-O a4 18. h4 Bxf4 19. gxf4 Qxf4 20. Qxf4 Rxf4 21.
Rde1 Rxf2 22. Re4 a3 23. b3 Raf8 24. Re7 R8f7 25. Re4 Rg2 26. Ree1 Rff2 27. Kd1
Rxc2 28. b4 Rgd2# 0-1

[Event "AUTO-OPEN-4649"]
[Site "http://www.queenalice.com/game.php?id=1872491"]
[Date "2026.4.25"]
[Round "1"]
[White "zubarev"]
[Black "game"]
[Result "1-0"]
[WhiteElo "1936"]
[BlackElo "1600"]

1. d4 d5 2. Nc3 Bf5 3. e3 Nc6 4. Nf3 e5 5. Bb5 e4 6. Ne5 Qf6 7. O-O Nh6 8. Nxd5
Qd6 9. c4 O-O-O 10. Qa4 Nxe5 11. Qxa7 c6 12. Nb6+ Kc7 13. Na8+ Kd7 14. Qxb7+ Ke8
15. Nc7+ Ke7 16. dxe5 Qc5 17. Na6+ 1-0

[Event "AUTO-OPEN-4649"]
[Site "http://www.queenalice.com/game.php?id=1872492"]
[Date "2026.4.25"]
[Round "1"]
[White "game"]
[Black "cerenzo72"]
[Result "0-1"]
[WhiteElo "1585"]
[BlackElo "2192"]

1. e4 e5 2. Nf3 d6 3. Bc4 Be7 4. d3 Bg4 5. Nc3 Nc6 6. Nd5 Nd4 7. Be3 Bxf3 8.
gxf3 Nxf3+ 9. Qxf3 Nf6 10. Bd2 c6 11. Nb4 a5 12. Nxc6 bxc6 13. Qg3 O-O 14. Rg1
Ne8 15. Bh6 Bf6 16. Ke2 Kh8 17. Be3 d5 18. exd5 cxd5 19. Bc5 Rg8 20. Bb5 Nc7 21.
Bb6 Qd6 22. Bxc7 Qxc7 23. d4 Qxc2+ 24. Kf1 Qxb2 25. Kg2 Qxb5 26. dxe5 Be7 27.
Kh1 d4 28. Rad1 Qd5+ 29. Rg2 Bb4 30. Qg4 Qxe5 31. Rxd4 Qe1+ 32. Rg1 Qxf2 33. Rf4
Qxa2 34. Qh5 Ra6 35. Rh4 Rh6 36. Qg5 Rxh4 37. Qxh4 Qd5+ 38. Rg2 Re8 39. Qg3 Re1+
0-1

[Event "AUTO-OPEN-4649"]
[Site "http://www.queenalice.com/game.php?id=1872493"]
[Date "2026.4.25"]
[Round "1"]
[White "cerenzo72"]
[Black "game"]
[Result "1-0"]
[WhiteElo "2192"]
[BlackElo "1644"]

1. b3 d5 2. Bb2 Nc6 3. e3 Bf5 4. Nc3 Nb4 5. d3 e5 6. Nge2 e4 7. a3 Nc6 8. Ng3
Nh6 9. Nxf5 Nxf5 10. dxe4 dxe4 11. Nxe4 Qe7 12. Qg4 Nd6 13. Nxd6+ cxd6 14. Be2
Ne5 15. Bb5+ Kd8 16. Bxe5 Qxe5 17. Qd7# 1-0